| 000 -LEADER |
| fixed length control field |
00601cam a2200181 a 4500 |
| 020 ## - INTERNATIONAL STANDARD BOOK NUMBER |
| ISBN |
1559345276 (pbk.) |
| 040 ## - CATALOGING SOURCE |
| Transcribing agency |
DLC |
| 082 00 - DEWEY DECIMAL CLASSIFICATION NUMBER |
| Classification number |
792 MAY 1998 A086 Or. |
| 100 1# - MAIN ENTRY--AUTHOR NAME |
| Personal name |
Gillette, J. Michael. |
| 245 10 - TITLE STATEMENT |
| Title |
Designing with light : |
| Remainder of title |
an introduction to stage lighting / |
| 250 ## - EDITION STATEMENT |
| Edition statement |
3rd ed. |
| 260 ## - PUBLICATION, DISTRIBUTION, ETC. (IMPRINT) |
| Place of publication |
Mountain View, Calif. : |
| Name of publisher |
Mayfield Pub. Co., |
| Year of publication |
c1998. |
| 300 ## - PHYSICAL DESCRIPTION |
| Number of Pages |
xv, 262 p. : |
| Other physical details |
ill. (some col.) ; |
| Dimensions |
24 cm. |
| 650 #0 - SUBJECT ADDED ENTRY--TOPICAL TERM |
| Topical Term |
Stage lighting. |
| 856 42 - ELECTRONIC LOCATION AND ACCESS |
| Uniform Resource Identifier |
http://www.loc.gov/catdir/description/mh024/97019014.html |
| 856 41 - ELECTRONIC LOCATION AND ACCESS |
| Uniform Resource Identifier |
http://www.loc.gov/catdir/toc/mh023/97019014.html |
| 942 ## - ADDED ENTRY ELEMENTS (KOHA) |
| Koha item type |
សៀវភៅភាសាអង់គ្លេស |
| 952 ## - LOCATION AND ITEM INFORMATION (KOHA) |
| Withdrawn status [LOCAL, KOHA] |
0 |